书目信息 |
| 题名: |
中文CorelDRAW 12短期培训教程
|
|
| 作者: | 黄伟军 , 李治龙 , 赵玲 编著 | |
| 分册: | ||
| 出版信息: | 北京 冶金工业出版社 2006.05 |
|
| 页数: | 182页 | |
| 开本: | 26cm | |
| 丛书名: | ||
| 单 册: | ||
| 中图分类: | TP391.41 | |
| 科图分类: | ||
| 主题词: | 图形软件--tu xing ruan jian--技术培训--教材 | |
| 电子资源: | ||
| ISBN: | 7-5024-3957-9 | |
| 000 | 01006nam0 2200253 450 | |
| 001 | 012006468062 | |
| 005 | 20061130092654.09 | |
| 010 | @a7-5024-3957-9@dCNY18.00 | |
| 100 | @a20061027d2006 km y0chiy0120 ea | |
| 101 | 0 | @achi |
| 102 | @aCN@b110000 | |
| 105 | @aa z 000yy | |
| 200 | 1 | @a中文CorelDRAW 12短期培训教程@Azhong wen CorelDRAW 12 duan qi pei xun jiao cheng@f赵玲, 黄伟军, 李治龙编著@Fzhao ling,huang wei jun,li zhi long bian zhu |
| 210 | @a北京@c冶金工业出版社@d2006.05 | |
| 215 | @a182页@c图@d26cm | |
| 300 | @a全国计算机职业技能培训教材 | |
| 330 | @a本书以CorelDRAW 12中文版的知识为基础,对CorelDRAW 12的各种功能和使用方法进行了全面细致的介绍,详尽地讲解了CorelDRAW 12各种工具的功能及应用、设计技巧和各种效果的获得方法。 | |
| 606 | 0 | @a图形软件@Atu xing ruan jian@x技术培训@j教材 |
| 690 | @aTP391.41@v4 | |
| 701 | 0 | @a黄伟军@Ahuang wei jun@4编著 |
| 701 | 0 | @a李治龙@Ali zhi long@4编著 |
| 701 | 0 | @a赵玲@Azhao ling@4编著 |
| 801 | 0 | @aCN@c20061130 |
| 905 | @a10447@dTP391.41@eZ312 | |
| 中文CorelDRAW 12短期培训教程/赵玲, 黄伟军, 李治龙编著.-北京:冶金工业出版社,2006.05 |
| 182页:图;26cm |
| 全国计算机职业技能培训教材 |
| ISBN 7-5024-3957-9:CNY18.00 |
| 本书以CorelDRAW 12中文版的知识为基础,对CorelDRAW 12的各种功能和使用方法进行了全面细致的介绍,详尽地讲解了CorelDRAW 12各种工具的功能及应用、设计技巧和各种效果的获得方法。 |
| ● |
| 相关链接 |
|
|
|
正题名:中文CorelDRAW 12短期培训教程
索取号:TP391.41/Z312
 
预约/预借
| 序号 | 登录号 | 条形码 | 馆藏地/架位号 | 状态 | 备注 |
| 1 | 223705 | 202237052 | 自科库301/301自科库 68排4列5层/ [索取号:TP391.41/Z312] | 在馆 | |
| 2 | 223706 | 202237061 | 自科库301/301自科库 68排4列5层/ [索取号:TP391.41/Z312] | 在馆 |